Einführungsstrategien für eine Just-In-Time-Produktion und -Logistik.
Zovšeobecnenie analýzy JIT konceptov reorganizácie v podobe modelu reorganizácie. Ciele reorganizácie, jej východiská a systémové zmeny. Možné chyby pri reorganizácii. Podmienky podniku pre zavádzanie JIT výroby (konkurencia, zákazníci). Význam informácií, vzdelávania, stimulovania a controllingu pr...
Uložené v:
| Hlavný autor: | |
|---|---|
| Médium: | Kapitola |
| Jazyk: | German |
| Predmet: | |
| Tagy: |
Žiadne tagy, Buďte prvý, kto otaguje tento záznam!
|
MARC
| LEADER | 00000naa a2200000 4500 | ||
|---|---|---|---|
| 001 | r003729 | ||
| 005 | 20221130103948.5 | ||
| 041 | 0 | |a ger | |
| 044 | |a DE | ||
| 245 | 1 | 0 | |a Einführungsstrategien für eine Just-In-Time-Produktion und -Logistik. |c H. Wildemann |
| 520 | |a Zovšeobecnenie analýzy JIT konceptov reorganizácie v podobe modelu reorganizácie. Ciele reorganizácie, jej východiská a systémové zmeny. Možné chyby pri reorganizácii. Podmienky podniku pre zavádzanie JIT výroby (konkurencia, zákazníci). Význam informácií, vzdelávania, stimulovania a controllingu pri zavádzaní JIT výroby. Spolupráca jednotlivých štruktúr podniku. | ||
| 610 | 2 | 0 | |a JIT |
| 610 | 2 | 0 | |a reorganizácia |
| 610 | 2 | 0 | |a výroba |
| 610 | 2 | 0 | |a logistika |
| 610 | 2 | 0 | |a stimulovanie |
| 610 | 2 | 0 | |a kontrola |
| 610 | 2 | 0 | |a štruktúra podniku organizačná |
| 610 | 2 | 0 | |a informácie |
| 610 | 2 | 0 | |a kontroling |
| 100 | 1 | |a Wildemann, H. | |